00373nam a22001217a 450000500170000002000230001703500130004003700130005310000200006624501060008626000360019230000230022820120510152534.0 a8178295709c680.00 aB-167005 aDPLbENG aParker, Barbara aIntroduction to globalization and business :bRelationships and responsibilities /cby Barbara Parker aNew DelhibResponse Booksc2005 axi, 523p.c24 cms.